| 000 | 00860nam a2200253 a 4500 | ||
|---|---|---|---|
| 008 | 951213s1984||||[C 0 slo c | ||
| 020 |
_c100 Kčs. _q(30000 výtl.) |
||
| 040 |
_aSNK _bslo _cSNK _eAACR2 |
||
| 041 | 1 |
_aslo _hslo |
|
| 044 |
_axo _cSK |
||
| 080 | _a728.8(437.6)(084.12) | ||
| 080 | _a779 | ||
| 100 | 1 |
_aKrižanová, Eva _4aut |
|
| 245 | 1 | 0 |
_aSlovenské hrady, zámky a kaštiele _cEva Križanová, Dalibor Kusák ; Dalibor Kusák, Rostislav Vaněk |
| 250 | _a1., vyd. | ||
| 260 |
_aMartin _bOsveta _c1984 _eMartin _fTlačiarne SNP |
||
| 300 |
_a207 s., 35,40 AH _c30 cm |
||
| 490 | 0 | _aEdícia fotografických vlastivedných publikácií | |
| 500 | _aFot. na tit. liste a predsádkach. Res. rus., nem., angl. a franc. | ||
| 700 | 1 |
_aKusák, Dalibor _4aut |
|
| 700 | 1 |
_aKusák, Dalibor _4bkd |
|
| 700 | 1 |
_aVaněk, Rostislav _4bkd |
|
| 958 | _aA | ||
| 999 |
_c14961 _d14961 |
||